| 000 | 009210000a22003970004500 | ||
|---|---|---|---|
| 082 |
_a306.80973 _bL366m |
||
| 518 | _a2008-02-03 | ||
| 530 | _aM | ||
| 100 | _aLauer, Robert H. | ||
| 100 | _aLauer, Jeanette C. | ||
| 245 | _aMarriage and family; the quest for intimacy | ||
| 250 | _a4th ed. | ||
| 020 | _a0-07-231572-5 | ||
| 260 |
_aBoston _bMcGraw-Hill, USA |
||
| 260 | _c2000 | ||
| 300 |
_axviii, 526p. _billus. |
||
| 041 | _aEng | ||
| 650 | _aMarriage and family | ||
| 650 | _aIntimacy | ||
| 650 | _aAmerican myths | ||
| 650 | _aGender | ||
| 650 | _aHeterosexuality | ||
| 650 | _aCouple | ||
| 650 | _aCommunication | ||
| 650 | _aPower | ||
| 650 | _aConflicts | ||
| 650 | _aWork | ||
| 650 | _aParents | ||
| 650 | _aFamily life cycle | ||
| 650 | _aFamily crisis | ||
| 650 | _aDivorce | ||
| 650 | _aRemarriage | ||
| 650 | _aStep families | ||
| 005 | 20120907085000.0 | ||
| 942 | _cGEN | ||
| 999 |
_c43576 _d43576 |
||